000
00280nam a22001217a 4500
008
181010b xxu||||| |||| 00| 0 eng d
041
_a
eng
080
_2
6th
_a
330.722
100
_a
61
101
_a
KF
245
_a
Cost Accounting planning and control
_c
Matz,A
942
_2
udc
_c
BK
999
_c
49260
_d
49260